| 000 | 00525nam a22001577a 4500 | ||
|---|---|---|---|
| 003 | OSt | ||
| 005 | 20151002164643.0 | ||
| 008 | 151002b xxu||||| |||| 00| 0 eng d | ||
| 040 | _cRUA | ||
| 082 | _aAVM PRA 1995 B068 Or.1 | ||
| 100 |
_91813 _aPRAK, KEA. |
||
| 245 | _aCattle raising for in siem reap province, ការចិញ្ចឹមគោជាលក្ខណៈអូសទាញក្នុងខេត្តសៀមរៀម | ||
| 260 |
_aPhnom Penh _bRUA _c1995 |
||
| 300 |
_a69p. _bill. _c29cm. |
||
| 942 |
_2ddc _cAVM |
||
| 999 |
_c1712 _d1712 |
||